000 00301nam a22001337a 4500
008 170531b xxu||||| |||| 00| 0 eng d
020 _a9780205405817
041 _aeng
080 _a94(7/8)
100 _a17
101 _aSHH
245 _aWHEN TERRORISM STRIKES HOME
_cFAGIN, J.A
942 _2udc
_cBK
999 _c15112
_d15112